000 00625nam a2200217Ii 4500
003 JO-AjNU
008 230606s9999||||xx |||||||||||||| ||und||
020 _a978-1-316-64676-2
040 _aJO-AjNU
_beng
_erda
_cJO-AjNU
041 _aeng
050 1 4 _aPE1130.K6.M87 2017
100 3 _aMURPHY,RAYMOND,
_eauthor
_95951
245 0 0 _aBASIC GRAMMAR IN USE
250 _a4 ed
264 3 1 _aBRITISH: AMBRIDGE UNIVERSITY PRESS, 2017
300 _a306p
336 _atext
_btxt
_2rdacontent
337 _aunmediated
_bn
_2rdamedia
338 _avolume
_bnc
_2rdacarrier
650 4 _aEnglish Language - English Grammar
_95952
999 _aE3087
_c3084
_d3084